| 000 | 00591nam a2200229Ia 4500 | ||
|---|---|---|---|
| 003 | OSt | ||
| 005 | 20230516114408.0 | ||
| 008 | 210423s2014 xx 000 0 und d | ||
| 020 | _a978-0-19-828928-9 | ||
| 040 | _cAL | ||
| 041 | _aeng | ||
| 082 | _a320.011 SENI | ||
| 100 |
_aSEN (Amartya) _9105096 |
||
| 245 | _aInequality reexamined | ||
| 260 |
_aNew Delhi _bOxford University Press _c2014 |
||
| 300 |
_axiv,207 _bPB |
||
| 365 |
_b295 _cINR |
||
| 650 |
_aPolitical Science _9105097 |
||
| 650 |
_aPolitical Science _9105097 |
||
| 906 | _aInequality ; reexamined | ||
| 942 |
_2ddc _cBK |
||
| 999 |
_c166313 _d166313 |
||